书目信息 |
| 题名: |
妇女百科
|
|
| 作者: | 上海科学技术出版社编 | |
| 分册: | ||
| 出版信息: | 上海 上海科学技术出版社 1991.03 |
|
| 页数: | 416页 | |
| 开本: | 16开 | |
| 丛书名: | ||
| 单 册: | ||
| 中图分类: | D442.7-61 | |
| 科图分类: | ||
| 主题词: | 妇女运动 , 妇女组织 | |
| 电子资源: | ||
| ISBN: | 7-5323-2122-3 | |
| 000 | 00576nam0 2200193 45 | |
| 001 | 9911301546 | |
| 005 | 19991130154100.9 | |
| 010 | @a7-5323-2122-3@d18.60 | |
| 100 | @a19991130d1991 km y0chiy0120 ea | |
| 101 | @achi | |
| 105 | @a z 000yy | |
| 200 | 1 | @a妇女百科@AFu Nu Bai Ke@f上海科学技术出版社编@FShang Hai Ke Xue Ji Shu Chu Ban She Bian |
| 210 | @a上海@c上海科学技术出版社@d1991.03 | |
| 215 | @a416页@c无图表@d16开 | |
| 606 | 0 | @a妇女运动 |
| 606 | 0 | @a妇女组织 |
| 690 | @aD442.7-61@v3 | |
| 801 | @aCN@bPerfectUser@c19991130 | |
| 905 | @aBZT@b25534-535@f2@dD442.7-61@e1 | |
| 妇女百科/上海科学技术出版社编.-上海:上海科学技术出版社,1991.03 |
| 416页:无图表;16开 |
| ISBN 7-5323-2122-3:18.60 |
| ● |
| 相关链接 |
|
|
|
正题名:妇女百科
索取号:D442.7-61/1
 
预约/预借
| 序号 | 登录号 | 条形码 | 馆藏地/架位号 | 状态 | 备注 |
| 1 | 25535 | 200369047 | 教材工具书阅览室/工2架A面3层4列/ [索取号:D442.7-61/1] | 在馆 |